ՀՀ Գիտությունների ազգային ակադեմիայի հիմնարար գիտական գրադարան  =   Fundamental Scientific Library of NAS RA
Normal view MARC view

Entry Personal Name

Number of records used in: 35

001 - CONTROL NUMBER

  • control field: 3085

003 - CONTROL NUMBER IDENTIFIER

  • control field: AM-YEHGA

005 - DATE AND TIME OF LATEST TRANSACTION

  • control field: 20250617070441.0

008 - FIXED-LENGTH DATA ELEMENTS

  • fixed length control field: 060529 a|ac|n|aab||||||||||||a |n|||||||

040 ## - CATALOGING SOURCE

  • Original cataloging agency: AM-YEHGA

100 1# - HEADING--PERSONAL NAME

  • Personal name: Այվազյան, Արգամ Արարատի,
  • Dates associated with a name: 1947-

400 1# - SEE FROM TRACING--PERSONAL NAME

  • Personal name: Այվազյան, Արգամ,
  • Dates associated with a name: 1947-

400 1# - SEE FROM TRACING--PERSONAL NAME

  • Personal name: Այվազյան, Ա.Ա.
  • Fuller form of name: (Արգամ Արարատի),
  • Dates associated with a name: 1947-

400 1# - SEE FROM TRACING--PERSONAL NAME

  • Personal name: Այվազյան, Ա.
  • Fuller form of name: (Արգամ),
  • Dates associated with a name: 1947-

400 1# - SEE FROM TRACING--PERSONAL NAME

  • Personal name: Այվազեան, Արգամ Արարատի,
  • Dates associated with a name: 1947-

400 1# - SEE FROM TRACING--PERSONAL NAME

  • Personal name: Այվազեան, Արգամ,
  • Dates associated with a name: 1947-

400 1# - SEE FROM TRACING--PERSONAL NAME

  • Personal name: Այվազեան, Ա.Ա.
  • Fuller form of name: (Արգամ Արարատի),
  • Dates associated with a name: 1947-

400 1# - SEE FROM TRACING--PERSONAL NAME

  • Personal name: Այվազեան, Ա.
  • Fuller form of name: (Արգամ),
  • Dates associated with a name: 1947-

400 1# - SEE FROM TRACING--PERSONAL NAME

  • Personal name: Айвазян, Аргам Араратович,
  • Dates associated with a name: 1947-

400 1# - SEE FROM TRACING--PERSONAL NAME

  • Personal name: Айвазян, Аргам,
  • Dates associated with a name: 1947-

400 1# - SEE FROM TRACING--PERSONAL NAME

  • Personal name: Айвазян, А.А.
  • Fuller form of name: (Аргам Араратович),
  • Dates associated with a name: 1947-

400 1# - SEE FROM TRACING--PERSONAL NAME

  • Personal name: Айвазян, А.
  • Fuller form of name: (Аргам),
  • Dates associated with a name: 1947-

400 1# - SEE FROM TRACING--PERSONAL NAME

  • Personal name: Ayvazyan, Argam Ararati,
  • Dates associated with a name: 1947-

400 1# - SEE FROM TRACING--PERSONAL NAME

  • Personal name: Ayvazian, Argam Ararati,
  • Dates associated with a name: 1947-

400 1# - SEE FROM TRACING--PERSONAL NAME

  • Personal name: Ayvazian, Argam,
  • Dates associated with a name: 1947-

400 1# - SEE FROM TRACING--PERSONAL NAME

  • Personal name: Ayvazian, A.
  • Fuller form of name: (Argam),
  • Dates associated with a name: 1947-

400 1# - SEE FROM TRACING--PERSONAL NAME

  • Personal name: Aivazian, Argam,
  • Dates associated with a name: 1947-

400 1# - SEE FROM TRACING--PERSONAL NAME

  • Personal name: Aivazian, A.
  • Fuller form of name: (Argam),
  • Dates associated with a name: 1947-

670 ## - SOURCE DATA FOUND

  • Source citation: Ով ով է. հայեր (կենսագրական հանրագիտարան), 2005 :
  • Information found: հ. 1 (Այվազյան Արգամ Արարատի [ծ. 20.7.1947, գ. Առինջ (Նախիջևանի Շահբուզի շրջ.)], ճարտ-յան և մշակույթի պատմաբան, արվեստաբան)

670 ## - SOURCE DATA FOUND

  • Source citation: Ագուլիս : Պատմամշակութային հուշարձաններ, 1984 :
  • Information found: տիտղթ. (Արգամ Այվազյան)

670 ## - SOURCE DATA FOUND

  • Source citation: Նախիջևան, 1995 :
  • Information found: տիտղթ. (Ա. Այվազյան)

670 ## - SOURCE DATA FOUND

  • Source citation: Նախիջեւանի վիմագրական ժառանգութիւնը =The litnographig inheritance of Nakhidjevan, 2004 :
  • Information found: տիտղթ. (Ա.Ա. Այվազեան); (Այվազեան Արգամ)

670 ## - SOURCE DATA FOUND

  • Source citation: Джуга = Djugha, 1990 :
  • Information found: т.л. (А. Айвазян); конц. (Айвазян Аргам Араратович)

670 ## - SOURCE DATA FOUND

  • Source citation: Памятники армянской архитектуры Нахичеванской АССР, 1981 :
  • Information found: т.л. (Айвазян Аргам)

670 ## - SOURCE DATA FOUND

  • Source citation: Dzhuga, 1990 :
  • Information found: t.p. (Argam Aivazian)


ՀՀ ԳԱԱ հիմնարար գիտական գրադարան
ՀՀ,Երևան 0019
Մարշալ Բաղրամյան 24/6
հեռախոս:(374-10) 52-47-50
Հետադարձ կապ

All site content, except where otherwise noted, is licensed under a
Creative Commons License